Codename--Needlepoint / (Запис № 481945)

МАРК-запис
000 -LEADER
fixed length control field 01197cam a2200277Ka 4500
001 - CONTROL NUMBER
control field codenameneedlepo00mars
003 - CONTROL NUMBER IDENTIFIER
control field CaSfIA
005 - DATE AND TIME OF LATEST TRANSACTION
control field 20210117224559.0
007 - PHYSICAL DESCRIPTION FIXED FIELD--GENERAL INFORMATION
fixed length control field cr||||
008 - FIXED-LENGTH DATA ELEMENTS--GENERAL INFORMATION
fixed length control field 880506s1988 nyu 000 1 eng d
040 ## - CATALOGING SOURCE
Original cataloging agency UUZ
Transcribing agency UUZ
Modifying agency OCLCQ
-- BTCTA
-- CaSfIA
020 ## - INTERNATIONAL STANDARD BOOK NUMBER
International Standard Book Number 1557850178 (pbk.) :
Terms of availability $3.95 (U.S.)
020 ## - INTERNATIONAL STANDARD BOOK NUMBER
International Standard Book Number 9781557850171 (pbk.)
035 ## - SYSTEM CONTROL NUMBER
System control number (OCoLC)17915146
092 ## - LOCALLY ASSIGNED DEWEY CALL NUMBER (OCLC)
Classification number 813.54
100 1# - MAIN ENTRY--PERSONAL NAME
Personal name Marsh, Robert W.
245 10 - TITLE STATEMENT
Title Codename--Needlepoint /
Medium [electronic resource]
Statement of responsibility, etc Robert W. Marsh.
260 ## - PUBLICATION, DISTRIBUTION, ETC. (IMPRINT)
Place of publication, distribution, etc New York :
Name of publisher, distributor, etc Bart,
Date of publication, distribution, etc 1988.
300 ## - PHYSICAL DESCRIPTION
Extent 255 p. ;
Dimensions 18 cm.
506 ## - RESTRICTIONS ON ACCESS NOTE
Standardized terminology for access restriction Необхідна авторизація на https://archive.org/ (створення облікового запису безкоштовно)
506 ## - RESTRICTIONS ON ACCESS NOTE
Standardized terminology for access restriction Необхідна авторизація на https://openlibrary.org/ (створення облікового запису безкоштовно)
740 01 - ADDED ENTRY--UNCONTROLLED RELATED/ANALYTICAL TITLE
Uncontrolled related/analytical title Codename, Needlepoint.
856 41 - ELECTRONIC LOCATION AND ACCESS
Uniform Resource Identifier <a href="http://www.archive.org/details/codenameneedlepo00mars">http://www.archive.org/details/codenameneedlepo00mars</a>
Public note Free eBook from the Internet Archive
856 42 - ELECTRONIC LOCATION AND ACCESS
Uniform Resource Identifier <a href="http://www.openlibrary.org/books/OL12085738M">http://www.openlibrary.org/books/OL12085738M</a>
Public note Additional information and access via Open Library
942 ## - ADDED ENTRY ELEMENTS (KOHA)
Koha item type ЕКнига

Немає доступних примірників.